000 02077nam a2200313 i 4500
001 991061727883006706
003 ES-BaIT
005 20260227085006.0
008 260227e202503 fr r 000 d fre c
020 _a9782749816708
040 _aES-BaIT
_bcat
_erda
_cES-BaIT
080 _a840-2"19"
100 1 _aAlègre, Jean-Paul
_eautor
_94457
245 1 3 _aUn Petit verre d'eau-de-vie /
_cJean-Paul Alègre
264 1 _aParis :
_bL'avant-scène théâtre,
_cmars 2025
300 _a44 pàgines ;
_c21 cm
336 _atext
_btxt
_2rdacontent
337 _asense mediació
_bn
_2rdamedia
338 _avolum
_bnc
_2rdacarrier
490 1 _aL'Avant-scène théatre ;
_vno 1573
500 _aP6: D2, H4
500 _aPublicat com no 1573 (mars 2025) de la revista L'Avant-scène théâtre
500 _aEstrena 37è Renathea (Rencontre Nationale de Théâtre) a Royan, el 28 de maig de 2025
520 _a"Qui est cette étrange et intrigante Madame et quelle est la "marchandise" que doit lui livrer ce Pourvoyeur, venu, semble-t-il, de fort loin?. Qui est cette discrète créature qui a des surs blotties dans l'herbe verte et dont doit se méfier l'enfant qui mène son troupeau de chèvres à la source?. Pourquoi la Nuit, dont le royaume s'étend pourtant chaque jour sur la moitié du Monde, est bien obligée de pleurer?. Pourquoi Rachid, qui a le soleil dans la peau, et Mélissa, qui a le soleil à l'intérieur, sont-ils les innocentes victimes d'une barbarie aveugle?. Et pourquoi ce petit verre d'eau-de-vie qui nost est finalment proposé est-il aussi porteur de d'espoir? Dans une pièce sombre et lumineuse à la fois, l'auteur de Moi, Ota, rivière d'Hiroshima (traduite et jouée dans nombreux pays), donne la parole à ceux qui souffrent de blessures d'autant plus terrifiantes qu'elles sont invisibles, et nous rappelle que sur les planches magiques du Théâtre, finalement, c'est toujours la vie qui l'emporte -- Contracoberta
830 _aAvant-scène.
_pThéâtre
_vno 1573
_9168170
908 _aCDMAE
940 _aCDMAE
942 _2udc
_c1
999 _c137162
_d137162